ديوان عامر بن الطفيل / (رقم التسجيلة. 87621)

تفاصيل مارك
000 -LEADER
fixed length control field 00481nam a22001697a 4500
005 - DATE AND TIME OF LATEST TRANSACTION
control field 20251108172743.0
008 - FIXED-LENGTH DATA ELEMENTS--GENERAL INFORMATION
fixed length control field 250721s9999 xx 000 0 ara d
082 14 - DEWEY DECIMAL CLASSIFICATION NUMBER
Classification number 811.1/ديو
100 1# - MAIN ENTRY--PERSONAL NAME
Personal name الطباع، عمر فاروق
245 10 - TITLE STATEMENT
Title ديوان عامر بن الطفيل /
264 1# - PRODUCTION, PUBLICATION, DISTRIBUTION, MANUFACTURE, AND COPYRIGHT NOTICE
Place of production, publication, distribution, manufacture بيروت :
Name of producer, publisher, distributor, manufacturer دار القلم،
Date of production, publication, distribution, manufacture, or copyright notice [19-].
300 ## - PHYSICAL DESCRIPTION
Extent 94ص.
650 17 - SUBJECT ADDED ENTRY--TOPICAL TERM
Topical term or geographic name as entry element الشعر العربي
650 17 - SUBJECT ADDED ENTRY--TOPICAL TERM
Topical term or geographic name as entry element العصر الجاهلي
942 ## - ADDED ENTRY ELEMENTS (KOHA)
Source of classification or shelving scheme Dewey Decimal Classification
Koha item type كتب
المقتنيات
حالة السحب حالة الفقدان مصدر التصنيف حالة التلف غير قابل للإعارة المكتبة الرئيسية المكتبة الحالية موقع الرف تاريخ التزويد الرقم المتسلسل Total Checkouts رقم الإستدعاء تاريخ آخر ظهور تاريخ الفاتورة نوع المادة (كوها) الباركود
    Dewey Decimal Classification     المكتبة المركزية المكتبة المركزية الإعارة 28/07/2025 576046   811.1/ديو 28/07/2025 28/07/2025 كتب 576046
    Dewey Decimal Classification     مكتبة أبو علندا العامة مكتبة أبو علندا العامة الإعارة 04/06/2008 576052   811.1/ديو 28/07/2025 04/06/2008 كتب PLD00017937
    Dewey Decimal Classification     مكتبة الأميرة ايمان العامة مكتبة الأميرة ايمان العامة الإعارة 02/11/2013 [576048]   811.1/ديو 28/07/2025 02/11/2013 كتب PLD00284670
    Dewey Decimal Classification     مكتبة الحسن العامة مكتبة الحسن العامة الإعارة 28/07/2025 576051   811.1/ديو 28/07/2025 28/07/2025 كتب 576051
    Dewey Decimal Classification Unchecked Not For Loan مكتبة حمزة العامة مكتبة حمزة العامة لا يعار 28/07/2025 576050   811.1/ديو 28/07/2025 28/07/2025 كتب  
Implemented & Customized by: BBB with SCIT (Smart Chains for Information Technology)

Powered by Koha